Présidents français sous la Vème République - Statistiques

Statistiques générales
  • Ce quiz a été pris 331 fois
  • Le résultat moyen est 8 sur 8
Statistiques - réponses
Hint Réponse % Correct
2017 – 2027 Emmanuel Macron
100%
2012 - 2017 François Hollande
100%
2007 - 2012 Nicolas Sarkozy
100%
1958 - 1969 Charles de Gaulle
98%
1974 - 1981 Valéry Giscard d'Estaing
97%
1981 - 1995 François Mitterrand
96%
1995 - 2007 Jacques Chirac
96%
1969 - 1974 Georges Pompidou
90%
Aucun quiz correspondant
Distribution des résultats
% des personnes avec chaque résultat
Percentile par nombre de réponses
Votre historique - résultats
Vous n’avez pas pris ce quiz